000 00708nam a2200277Ia 4500
001 4108
005 20240113233713.0
007 ta
008 050608s1943 a g b000 u hin u
020 _cHB
040 _aCotton College Assam
041 _ahin
082 _a891.431
_bP 886 B
100 _aPrasad, Sankata .
245 0 _aBhojpuri Grayayma geet /
_cSankata Prasad.
_hTextual Documents
250 _a1st ed. /
260 _aPatna :
_bPatna La Press ,
_c1943.
300 _a209p. :
_bill. ;
_c22cm .
653 _aHindi poetry
653 _aFolk Song-Bihar
653 _aBhojpuri Songs
653 _aGen-Hindi
942 _2ddc
_cBK
999 _c4096
_d4096